Cez technickú normalizáciu k akosti výrobkov zborník k 10. výročiu Československého inštitútu technickej normalizácie a akosti v Bratislave

Guardado en:
Detalles Bibliográficos
Formato: Libro
Lenguaje:eslovaco
Publicado: Bratislava Alfa 1983
Etiquetas: Agregar Etiqueta
Sin Etiquetas, Sea el primero en etiquetar este registro!

MARC

LEADER 00000nam a2200000 4500
001 c130325
005 20221128065514.4
041 0 |a slo 
044 |a SK 
245 1 0 |a Cez technickú normalizáciu k akosti výrobkov  |b zborník k 10. výročiu Československého inštitútu technickej normalizácie a akosti v Bratislave 
264 1 |a Bratislava  |b Alfa  |c 1983 
300 |a 247 s.